000 00520nam a22001691a 4500
001 11149
003 OSt
005 20260204212230.0
008 110827s2006||||dr ||||||b||||||||||spa||
050 _aRD 304.6 R299c
110 _aRepública Dominicana. Secretariado Técnico de la Presidencia
245 _aConceptos demográficos básicos: definiciones y fórmulas
264 _aSanto Domingo: Oficina Nacional de Estadística
300 _a115 p
650 _aDemografía - República DominicanaÌ
942 _2ddc
_cBK
999 _c11149
_d11149